All 7 Letter Words that Begin With O - Statistics

General Stats
  • This quiz has been taken 12 times
  • The average score is 133 of 952
Answer Stats
% Correct
openers
100%
opening
100%
offered
89%
offerer
78%
operate
78%
outings
78%
outlets
78%
outlier
78%
outside
78%
ovaries
78%
overpay
78%
oxygens
78%
October
67%
octopus
67%
offsets
67%
opining
67%
ordered
67%
orderer
67%
origins
67%
ospreys
67%
outlook
67%
outputs
67%
outride
67%
outsets
67%
outtake
67%
outwits
67%
outwork
67%
overing
67%
overlay
67%
overlie
67%
overtly
67%
obscene
56%
oceanic
56%
oddball
56%
offline
56%
oinking
56%
ongoing
56%
opiners
56%
opinion
56%
optical
56%
oracles
56%
oranges
56%
oration
56%
ordains
56%
organic
56%
outcast
56%
outdoes
56%
outfits
56%
outlaws
56%
outlies
56%
outline
56%
outplay
56%
outpour
56%
outrage
56%
outsell
56%
outsize
56%
outwear
56%
ovarian
56%
overdid
56%
overeat
56%
oversee
56%
overset
56%
ovulate
56%
owlings
56%
oysters
56%
oatmeal
44%
obeyers
44%
obeying
44%
objects
44%
obliged
44%
obliger
44%
obliges
44%
oblique
44%
obtuser
44%
occults
44%
octagon
44%
oculars
44%
oddling
44%
offends
44%
officer
44%
offices
44%
offings
44%
offside
44%
oftener
44%
opaquer
44%
opaques
44%
oppress
44%
optimal
44%
options
44%
orangey
44%
orating
44%
orators
44%
orchids
44%
oregano
44%
orphans
44%
othered
44%
ourself
44%
ousting
44%
outback
44%
outbids
44%
outcall
44%
outdone
44%
outland
44%
outlast
44%
outlive
44%
outport
44%
outpost
44%
outrace
44%
outrang
44%
outrode
44%
outsend
44%
outsold
44%
outstay
44%
overact
44%
overate
44%
overbid
44%
overbuy
44%
overlap
44%
overman
44%
overmen
44%
obelisk
33%
obesity
33%
oblongs
33%
obscure
33%
obtains
33%
Oceanus
33%
ocelots
33%
octanes
33%
oddment
33%
offence
33%
offense
33%
offeree
33%
okaying
33%
oldness
33%
ominous
33%
opposed
33%
opposer
33%
opposes
33%
opulent
33%
orderly
33%
orients
33%
ostrich
33%
outages
33%
outcamp
33%
outcase
33%
outcome
33%
outdoor
33%
outerly
33%
outfall
33%
outflow
33%
outgrow
33%
outguns
33%
outhits
33%
outlays
33%
outmans
33%
outness
33%
outpace
33%
outpass
33%
outpull
33%
outring
33%
outruns
33%
outsail
33%
outsang
33%
outshot
33%
outsing
33%
outsits
33%
outward
33%
outwent
33%
outwind
33%
outworn
33%
overage
33%
overcut
33%
overdue
33%
overhie
33%
overnet
33%
oversaw
33%
oversew
33%
overtip
33%
oxidant
33%
oarfish
22%
oblates
22%
oboeist
22%
observe
22%
obverse
22%
obvious
22%
octants
22%
octaves
22%
oddness
22%
odorous
22%
odyssey
22%
offbeat
22%
offcuts
22%
oilcans
22%
oiliest
22%
oilskin
22%
olivine
22%
Olympic
22%
omelets
22%
omicron
22%
omitted
22%
omnibus
22%
oneness
22%
onerous
22%
oneself
22%
onwards
22%
opacity
22%
opaline
22%
openest
22%
operant
22%
opiates
22%
opioids
22%
opossum
22%
oralist
22%
oratory
22%
orbital
22%
orbited
22%
orbiter
22%
orchard
22%
ordeals
22%
organon
22%
orifice
22%
origami
22%
orioles
22%
osmosis
22%
ossicle
22%
Othello
22%
ousters
22%
outacts
22%
outbuys
22%
outface
22%
outfish
22%
outgain
22%
outgame
22%
outgrew
22%
outkick
22%
outkill
22%
outlaid
22%
outleap
22%
outmost
22%
outrank
22%
outrate
22%
outroad
22%
outroom
22%
outrush
22%
outseas
22%
outseen
22%
outsees
22%
outsole
22%
outspan
22%
outspin
22%
outsung
22%
outvote
22%
outwait
22%
outwalk
22%
outwall
22%
outwing
22%
outwore
22%
ovation
22%
overall
22%
overarm
22%
overbit
22%
overfed
22%
overget
22%
overgot
22%
overite
22%
overjoy
22%
overlaw
22%
overred
22%
overrun
22%
oversea
22%
overtop
22%
overuse
22%
overwin
22%
oxfords
22%
oxhides
22%
oxtails
22%
ozoners
22%
ozonide
22%
oakiest
11%
oakling
11%
oaktags
11%
oakwood
11%
oarlock
11%
oarsman
11%
oarsmen
11%
oarweed
11%
obduced
11%
obduces
11%
obdured
11%
obdures
11%
obeches
11%
obelize
11%
oblasts
11%
obligee
11%
oboists
11%
obovate
11%
obovoid
11%
obtrude
11%
obtunds
11%
obverts
11%
occiput
11%
Oceanid
11%
ocellar
11%
ocellus
11%
ochroid
11%
ocicats
11%
octanal
11%
octenes
11%
octopal
11%
octopod
11%
octrois
11%
octuple
11%
oculate
11%
oculist
11%
odonate
11%
odorant
11%
odorize
11%
odoured
11%
oedipal
11%
Oedipus
11%
oersted
11%
oestrin
11%
Oestrus
11%
offcast
11%
offeror
11%
offhand
11%
offlaps
11%
offlets
11%
offtake
11%
offtype
11%
offward
11%
Ogdoads
11%
ogreish
11%
ohmages
11%
oilbird
11%
oilfish
11%
oillets
11%
oilseed
11%
Ojibwas
11%
Ojibway
11%
Ojibwes
11%
okoumes
11%
oldster
11%
oldwife
11%
Olearia
11%
oleates
11%
olestra
11%
olivary
11%
olliing
11%
Olympia
11%
Olympus
11%
omakase
11%
omnific
11%
onboard
11%
ondines
11%
ondings
11%
onefold
11%
onesies
11%
onliest
11%
onloads
11%
onrolls
11%
onstage
11%
onymous
11%
ooblast
11%
oocysts
11%
oocytes
11%
oolongs
11%
oompahs
11%
oospore
11%
ooziest
11%
opacify
11%
opaleye
11%
operand
11%
opercle
11%
operons
11%
operose
11%
Ophelia
11%
ophites
11%
ophitic
11%
oppidan
11%
opponed
11%
oppones
11%
oppugns
11%
opsonic
11%
opsonin
11%
optimes
11%
optimum
11%
opuntia
11%
oquassa
11%
oraches
11%
oralers
11%
orality
11%
orantes
11%
orarion
11%
orarium
11%
oratrix
11%
orceins
11%
orchils
11%
ordinal
11%
ordines
11%
ordures
11%
oreides
11%
orendas
11%
organal
11%
organdy
11%
organum
11%
organza
11%
orgasms
11%
orgeats
11%
origans
11%
ormolus
11%
orogens
11%
orotund
11%
orphrey
11%
orpines
11%
orthros
11%
ortolan
11%
oscines
11%
oscular
11%
osmious
11%
osmiums
11%
osmunds
11%
osseins
11%
osselet
11%
osseous
11%
ossuary
11%
osteoid
11%
osteoma
11%
ostiary
11%
ostiole
11%
ostlers
11%
ostmark
11%
otalgia
11%
otolith
11%
otology
11%
outbred
11%
outburn
11%
outdate
11%
outdraw
11%
outdrew
11%
outdrop
11%
outduel
11%
outeats
11%
outflew
11%
outfoot
11%
outgate
11%
outgoer
11%
outgoes
11%
outgone
11%
outhaul
11%
outhunt
11%
outjump
11%
outlain
11%
outpage
11%
outpoll
11%
outpray
11%
outroll
11%
outrows
11%
outsert
11%
outstep
11%
outtell
11%
outtire
11%
outtold
11%
outturn
11%
outvies
11%
outwake
11%
outwash
11%
outwick
11%
outwith
11%
outyell
11%
ovality
11%
ovarium
11%
overawe
11%
overdog
11%
overdub
11%
overdye
11%
overeye
11%
overfat
11%
overfly
11%
overlit
11%
overply
11%
overpot
11%
overran
11%
oversow
11%
overtax
11%
overwit
11%
ovicide
11%
oviduct
11%
oviform
11%
ovipara
11%
Ovonics
11%
oxalate
11%
oxazine
11%
oxblood
11%
oxcarts
11%
oxheart
11%
oxidase
11%
oxidise
11%
oxidize
11%
oxyacid
11%
oxyntic
11%
oxytone
11%
oystery
11%
ozonous
11%
Oahuans
0%
oakmoss
0%
oarages
0%
oasitic
0%
oatcake
0%
oathays
0%
Oaxacan
0%
Obadiah
0%
obclude
0%
obconic
0%
obechis
0%
obelial
0%
obelias
0%
obelion
0%
obelism
0%
obereks
0%
obfirms
0%
obiters
0%
obitual
0%
oblasti
0%
oblatio
0%
obleege
0%
obligor
0%
obliqui
0%
obloquy
0%
Obongos
0%
obround
0%
obseded
0%
obsedes
0%
obsequy
0%
obtrect
0%
obviate
0%
obvolve
0%
ocarina
0%
Occitan
0%
occlude
0%
occulta
0%
ochreae
0%
Ochroma
0%
ochrous
0%
ocimene
0%
ocreate
0%
octamer
0%
octanol
0%
octapla
0%
octarch
0%
octaval
0%
octavos
0%
octines
0%
octoate
0%
octodes
0%
octodon
0%
octoses
0%
octroys
0%
octuors
0%
octynes
0%
Oculina
0%
Ocypoda
0%
ocypode
0%
odaller
0%
Odessan
0%
odhalls
0%
Odinism
0%
Odinist
0%
Odonata
0%
odorate
0%
odsfish
0%
odylism
0%
odzooks
0%
oecists
0%
oecoids
0%
oedemas
0%
oekists
0%
oenomel
0%
oestrid
0%
oestrum
0%
oeuvres
0%
offcome
0%
offspin
0%
ofttime
0%
Ogalala
0%
oghamic
0%
Ogilvie
0%
Oglalas
0%
Ogygian
0%
Ohioans
0%
Ohlones
0%
oidioid
0%
oildoms
0%
oilhole
0%
oilless
0%
oilways
0%
ointing
0%
okenite
0%
Oklabar
0%
olamine
0%
olation
0%
oldland
0%
Oldowan
0%
Oleales
0%
olefins
0%
oleoyls
0%
olfacty
0%
olifant
0%
oligist
0%
olingos
0%
olitory
0%
olivets
0%
ollamhs
0%
ollaves
0%
ollucos
0%
ologies
0%
ologist
0%
Olonets
0%
oloroso
0%
olycook
0%
olykoek
0%
Omaguas
0%
Omahans
0%
Omarian
0%
Omayyad
0%
omegoid
0%
omental
0%
omentum
0%
ominate
0%
ommatea
0%
ommatin
0%
omneity
0%
omnists
0%
omniums
0%
omphali
0%
onagers
0%
onanism
0%
onanist
0%
onchium
0%
oncogen
0%
oncomer
0%
oncomes
0%
oncosts
0%
Oncovin
0%
Ondatra
0%
ondules
0%
onegite
0%
Oneidas
0%
oneiric
0%
onetime
0%
onfalls
0%
onflows
0%
Oniscus
0%
onkoses
0%
onmarch
0%
Onoclea
0%
onshore
0%
onstead
0%
onychas
0%
onychia
0%
Onygena
0%
Oobleck
0%
oocapts
0%
ooecial
0%
ooecium
0%
oofiest
0%
ooftish
0%
oogleas
0%
oogloea
0%
oogonia
0%
oolemma
0%
oolites
0%
oolitic
0%
oologic
0%
oomancy
0%
oometer
0%
oometry
0%
oomiack
0%
oopacks
0%
oophore
0%
oophyte
0%
ooplasm
0%
ooplast
0%
oopodal
0%
oopuhue
0%
ooralis
0%
ooscope
0%
ooscopy
0%
oosomes
0%
oosperm
0%
Oospora
0%
ootheca
0%
ootypes
0%
oozooid
0%
opacate
0%
opacous
0%
Opalina
0%
opalize
0%
opaloid
0%
opelets
0%
opencut
0%
operous
0%
Ophians
0%
Ophidia
0%
ophions
0%
ophisms
0%
Ophiura
0%
ophryon
0%
opiatic
0%
opifice
0%
opinant
0%
oppidum
0%
opposal
0%
optable
0%
optants
0%
optated
0%
optates
0%
opticon
0%
oracies
0%
oralism
0%
oralogy
0%
Oranian
0%
orbical
0%
orbiest
0%
orbless
0%
orcanet
0%
orcinol
0%
Orcinus
0%
ordinee
0%
Ordnung
0%
orectic
0%
oreless
0%
oreodon
0%
Orestes
0%
orfgild
0%
orgiast
0%
orgones
0%
oriency
0%
origane
0%
orihons
0%
orillon
0%
orishas
0%
orisons
0%
orleans
0%
Orloffs
0%
Ormosia
0%
oroanal
0%
Orochis
0%
Orochon
0%
orogene
0%
orogeny
0%
oroides
0%
Orokolo
0%
orology
0%
oronoco
0%
oronoko
0%
oropesa
0%
Orosius
0%
orotate
0%
Orotina
0%
Orphean
0%
orpheon
0%
Orpheus
0%
Orphism
0%
orphist
0%
orrises
0%
orselle
0%
Ortalis
0%
orterde
0%
orthian
0%
orthids
0%
orthite
0%
orthron
0%
ortygan
0%
Orvieto
0%
Osagian
0%
osazone
0%
oscules
0%
osculum
0%
osetras
0%
osiered
0%
Osirian
0%
osiride
0%
osirify
0%
Osirism
0%
Osloite
0%
Osmanli
0%
osmates
0%
osmatic
0%
Osmerus
0%
osmesis
0%
osmetic
0%
osmolal
0%
osmolar
0%
osmoles
0%
osmonds
0%
osmosed
0%
osmoses
0%
osmotic
0%
osmunda
0%
Ossetes
0%
Ossetic
0%
ossetra
0%
ossific
0%
osteins
0%
ostents
0%
osteone
0%
osteons
0%
osteria
0%
Ostiaks
0%
ostiate
0%
ostitis
0%
ostraca
0%
Ostyaks
0%
otalgic
0%
otaries
0%
otarine
0%
otavite
0%
Othonna
0%
otidine
0%
otidium
0%
otitids
0%
Otobius
0%
Otocyon
0%
otocyst
0%
otolite
0%
Otomaco
0%
Otomacs
0%
Otomaks
0%
Otomian
0%
Ottawan
0%
Ottawas
0%
ottoman
0%
Otukian
0%
ouabain
0%
ouabaio
0%
ouakari
0%
ouangas
0%
oughted
0%
ougiyas
0%
ouguiya
0%
ourebis
0%
oursels
0%
Oushaks
0%
outarde
0%
outblot
0%
outbond
0%
outbrag
0%
outbulk
0%
outcrop
0%
outdare
0%
outdrag
0%
outearn
0%
outened
0%
outflux
0%
outgang
0%
outgush
0%
outhalf
0%
outjest
0%
outjuts
0%
outlers
0%
outmode
0%
outpeep
0%
outplot
0%
outroar
0%
outroot
0%
outrung
0%
outseam
0%
outslug
0%
outsoar
0%
outsped
0%
outspun
0%
outswam
0%
outswim
0%
outswum
0%
outtalk
0%
outtops
0%
outvied
0%
outwale
0%
outweep
0%
outwell
0%
outwept
0%
outwoke
0%
outwrit
0%
ovaloid
0%
Ovambos
0%
ovarial
0%
ovendry
0%
ovenman
0%
ovenmen
0%
overden
0%
overdry
0%
overjet
0%
overmix
0%
oversum
0%
ovicell
0%
ovicyst
0%
Ovidian
0%
ovigers
0%
ovinias
0%
ovisacs
0%
ovistic
0%
ovocyte
0%
ovoidal
0%
ovulary
0%
ovulist
0%
Owenism
0%
Owenite
0%
owllike
0%
ownhood
0%
ownness
0%
oxalyls
0%
oxamate
0%
oxamide
0%
oxazole
0%
oxberry
0%
oxbirds
0%
oxbiter
0%
oxbrake
0%
oxcheek
0%
oxflies
0%
oxgalls
0%
oxgangs
0%
oxgates
0%
oxgoads
0%
oxhorns
0%
oximate
0%
oxirane
0%
Oxonian
0%
oxonium
0%
oxshoes
0%
oxskins
0%
oxteams
0%
Oxyaena
0%
oxymels
0%
oxymora
0%
oxyopia
0%
oxyphil
0%
oxyuric
0%
oxyurid
0%
oxyuris
0%
oyapock
0%
oyesses
0%
oyezing
0%
ozaenas
0%
Ozarker
0%
ozonate
0%
ozonify
0%
ozonise
0%
Ozonium
0%
ozonize
0%
ozotype
0%
No matching quizzes found
Score Distribution
Percent of People with Each Score
Percentile by Number Answered
Your Score History
You have not taken this quiz